LEADER 01535nam a2200313 4500 001 000000330615 003 CaOOAMICUS 005 20181018125150.0 008 181008s2009 it a 000 u ita r 020 $a978-88-01-04412-6$c(Elledici) 020 $a978-88-6671-459-0$c(Velar) 040 $aSeMil$bita 100 1 $aAlborghetti, Roberto.$0(OLS)http://semarc/name/4730 245 10$aSan Girolamo Miani :$bpatrono universale degli orfani e della gioventł abbandonata /$cRoberto Alborghetti. 264 1$aGorle :$bVelar,$c2009. 264 2$aTorino :$bElledici,$c2009. 300 $a47 p.$bill ;$c21 cm 490 1 $aCollana blu "Messaggeri d'amore" protagonisti della fede ;$v126 541 1 $aFondo Mons. Mario Delpini 600 04$aGirolamo : Emiliani (Miani) .$0(OLS)http://semarc/subject/9304 830 0$aCollana blu : messaggeri d'amore, protagonisti della fede ;$v126.$0(OLS)http://semarc/title/38058 850 $aSeMil 852 $aSeMil$W1$xVenegono$y1$m5B III 53/12$j221040$B232698$CSeMilBibl$Z2$F232698 $81 996 $6020$a978-88-01-04412-6$c(Elledici)$9(OLS)http://semarc/number/285312 996 $6020$a978-88-6671-459-0$c(Velar)$9(OLS)http://semarc/number/285315 996 $6245$aSan Girolamo Miani :$bpatrono universale degli orfani e della gioventł abbandonata$9(OLS)http://semarc/title/419083 996 $6264$aTorino :$bElledici$9(OLS)http://semarc/publisher/30644 996 $6264$aGorle :$bVelar$9(OLS)http://semarc/publisher/33489 LEADER 00948nam a2200217 i 4500 001 000000047278 003 CaOOAMICUS 005 20120302000000.0 008 120302s1982 it u000 u ita u 013 $a18448 040 $aSeMil$bita 245 10$a[Tutti i sacerdoti per tutti gli uomini :$batti del Convegno Nazionale Missionario, 1981]. 260 $aRoma :$bPontificia Unione Missionaria,$c1982. 300 $a111 p. ;$c17 cm. 490 0 $aSpiritualitą missionaria ;$v6 650 4$aMissioni.$0(OLS)http://semarc/subject/3486 830 0$aSpiritualitą missionaria ;$v6.$0(OLS)http://semarc/title/367 850 $aSeMil 852 $aSeMil$W1$xVenegono$y1$m2C III 376$j13433$B13433$CSeMilBibl$Z2$F13433 $81 996 $6245$a[Tutti i sacerdoti per tutti gli uomini :$batti del Convegno Nazionale Missionario, 1981]$9(OLS)http://semarc/title/71161 996 $6260$aRoma :$bPontificia Unione Missionaria$9(OLS)http://semarc/publisher/29760